Jardim Botânico Do Rio De Janeiro, 1808-2008 (Record no. 125502)

MARC details
000 -LÍDER
campo de controle de tamanho fixo 00342 a2200133 4500
001 - NÚMERO DE CONTROLE
campo de controle 125502
020 ## - ISBN - INTERNATIONAL STANDARD BOOK NUMBER
ISBN - International Standard Book Number 9788560035038
040 ## - FONTE DA CATALOGAÇÃO
Instituição que transcreveu o registro Escola Canadense de Niteroi
100 ## - ENTRADA PRINCIPAL--NOME PESSOAL
Nome pessoal Instituto de Pesquisas Jardim Botânico RJ
245 10 - TÍTULO
Título Jardim Botânico Do Rio De Janeiro, 1808-2008
260 ## - PUBLICAÇÃO, DISTRIBUIÇÃO, ETC.
Local de publicação, distribuição, etc. Rio De Janeiro
362 0# - DATAS DE PUBLICAÇÃO E/OU DESIGNAÇÃO SEQUENCIAL
Datas de publicação e/ou designação sequencial 2008
942 ## - ELEMENTOS DE ENTRADA ADICIONADOS (KOHA)
Tipo de material Koha Livros
Holdings
Situação do descarte Situação das perdas Situação física Não pode ser emprestado Biblioteca de origem Biblioteca atual Data de aquisição Total de empréstimos Código de barras Data de último acesso Data do preço efetivo Tipo de material Koha
        Canadian School of Niterói - Piratininga Canadian School of Niterói - Piratininga 09/02/2024   A03620 09/02/2024 09/02/2024 Livros